Sidney's poetics (Record no. 8784)
[ view plain ]
| 000 -LEADER | |
|---|---|
| fixed length control field | 01493nam a2200373 a 4500 |
| 001 - CONTROL NUMBER | |
| control field | ebr10267279 |
| 003 - CONTROL NUMBER IDENTIFIER | |
| control field | CaPaEBR |
| 006 - FIXED-LENGTH DATA ELEMENTS--ADDITIONAL MATERIAL CHARACTERISTICS--GENERAL INFORMATION | |
| fixed length control field | m u |
| 007 - PHYSICAL DESCRIPTION FIXED FIELD--GENERAL INFORMATION | |
| fixed length control field | cr cn||||||||| |
| 008 - FIXED-LENGTH DATA ELEMENTS--GENERAL INFORMATION | |
| fixed length control field | 040206s2005 dcu sb 001 0 eng |
| 010 ## - LIBRARY OF CONGRESS CONTROL NUMBER | |
| Canceled/invalid LC control number | 2004002315 |
| 020 ## - INTERNATIONAL STANDARD BOOK NUMBER | |
| Cancelled/invalid ISBN | 0813213886 (cloth : alk. paper) |
| 040 ## - CATALOGING SOURCE | |
| Original cataloging agency | CaPaEBR |
| Transcribing agency | CaPaEBR |
| 035 ## - SYSTEM CONTROL NUMBER | |
| System control number | (OCoLC)609299397 |
| 043 ## - GEOGRAPHIC AREA CODE | |
| Geographic area code | e-uk--- |
| 050 14 - LIBRARY OF CONGRESS CALL NUMBER | |
| Classification number | PR2343 |
| Item number | .M23 2005eb |
| 082 04 - DEWEY DECIMAL CLASSIFICATION NUMBER | |
| Classification number | 808.1 |
| Edition number | 22 |
| 100 1# - MAIN ENTRY--PERSONAL NAME | |
| Personal name | Mack, Michael, |
| Dates associated with a name | 1963- |
| 245 10 - TITLE STATEMENT | |
| Title | Sidney's poetics |
| Medium | [electronic resource] : |
| Remainder of title | imitating creation / |
| Statement of responsibility, etc | Michael Mack. |
| 260 ## - PUBLICATION, DISTRIBUTION, ETC. (IMPRINT) | |
| Place of publication, distribution, etc | Washington, D.C. : |
| Name of publisher, distributor, etc | Catholic University of America Press, |
| Date of publication, distribution, etc | c2005. |
| 300 ## - PHYSICAL DESCRIPTION | |
| Extent | 216 p. |
| 504 ## - BIBLIOGRAPHY, ETC. NOTE | |
| Bibliography, etc | Includes bibliographical references (p. 195-210) and index. |
| 533 ## - REPRODUCTION NOTE | |
| Type of reproduction | Electronic reproduction. |
| Place of reproduction | Palo Alto, Calif. : |
| Agency responsible for reproduction | ebrary, |
| Date of reproduction | 2013. |
| Note about reproduction | Available via World Wide Web. |
| -- | Access may be limited to ebrary affiliated libraries. |
| 600 10 - SUBJECT ADDED ENTRY--PERSONAL NAME | |
| Personal name | Sidney, Philip, |
| Titles and other words associated with a name | Sir, |
| Dates associated with a name | 1554-1586 |
| General subdivision | Aesthetics. |
| Personal name | Sidney, Philip, |
| Titles and other words associated with a name | Sir, |
| Dates associated with a name | 1554-1586. |
| Title of a work | Apologie for poetrie. |
| 650 #0 - SUBJECT ADDED ENTRY--TOPICAL TERM | |
| Topical term or geographic name as entry element | Creation (Literary, artistic, etc.) |
| General subdivision | History |
| Chronological subdivision | 16th century. |
| Topical term or geographic name as entry element | Poetics |
| General subdivision | History |
| Chronological subdivision | 16th century. |
| Topical term or geographic name as entry element | Aesthetics, Modern |
| Chronological subdivision | 16th century. |
| Topical term or geographic name as entry element | Aesthetics, British. |
| Topical term or geographic name as entry element | Poetry. |
| 655 #7 - INDEX TERM--GENRE/FORM | |
| Genre/form data or focus term | Electronic books. |
| Source of term | local |
| 710 2# - ADDED ENTRY--CORPORATE NAME | |
| Corporate name or jurisdiction name as entry element | ebrary, Inc. |
| 856 40 - ELECTRONIC LOCATION AND ACCESS | |
| Uniform Resource Identifier | <a href="http://site.ebrary.com/lib/rucke/Doc?id=10267279">http://site.ebrary.com/lib/rucke/Doc?id=10267279</a> |
| Public note | An electronic book accessible through the World Wide Web; click to view |
No items available.
